| Tag |
First Indicator |
Second Indicator |
Subfields |
| LEADER |
00000cam a22000004a 4500 |
| 001 |
in00003402652 |
| 005 |
20190405202628.0 |
| 006 |
m d |
| 007 |
cr |||||||nn|n |
| 008 |
120726s2012 mau o d eng d |
| 010 |
|
|
|z 2012027775
|
| 020 |
|
|
|a 9781555537654
|
| 020 |
|
|
|a 1555537650
|
| 020 |
|
|
|z 9781555537883 (pbk. : alk. paper)
|
| 020 |
|
|
|z 155553788X
|
| 035 |
|
|
|a (MdBmJHUP)muse9781555537654
|
| 040 |
|
|
|a MdBmJHUP
|c MdBmJHUP
|d UtOrBLW
|
| 043 |
|
|
|a n-us-ma
|
| 050 |
0 |
0 |
|a PS3569.P56
|b Z46 2012
|
| 082 |
0 |
0 |
|a 811/.54
|a B
|2 23
|
| 100 |
1 |
|
|a Spivack, Kathleen.
|
| 245 |
1 |
0 |
|a With Robert Lowell and his circle :
|b Sylvia Plath, Anne Sexton, Elizabeth Bishop, Stanley Kunitz, and others /
|c Kathleen Spivack.
|
| 264 |
|
1 |
|a Boston :
|b Northeastern University Press,
|c [2012]
|
| 264 |
|
4 |
|c ©2012
|
| 300 |
|
|
|a 1 online resource (256 pages)
|
| 336 |
|
|
|a text
|b txt
|2 rdacontent
|
| 337 |
|
|
|a computer
|b c
|2 rdamedia
|
| 338 |
|
|
|a online resource
|b cr
|2 rdacarrier
|
| 504 |
|
|
|a Includes bibliographical references.
|
| 588 |
|
|
|a Description based on print version record.
|
| 500 |
|
|
|a Electronic resource.
|
| 600 |
1 |
0 |
|a Spivack, Kathleen.
|
| 650 |
|
0 |
|a American poetry
|z Massachusetts
|z Boston
|x History and criticism.
|
| 650 |
|
0 |
|a Poets, American
|y 20th century
|v Biography.
|
| 655 |
|
7 |
|a Electronic books.
|2 local
|
| 856 |
4 |
0 |
|u http://proxy.library.tamu.edu/login?url=http://muse.jhu.edu/books/9781555537654/
|z Connect to the full text of this electronic book
|t 0
|
| 999 |
|
|
|a MARS
|
| 999 |
f |
f |
|s e6743959-0ede-37e3-8450-13b9121227df
|i df51b242-abd2-3302-b6e5-51a65d66e087
|t 0
|
| 952 |
f |
f |
|a Texas A&M University
|b College Station
|c Electronic Resources
|d Available Online
|t 0
|e PS3569.P56 Z46 2012
|h Library of Congress classification
|
| 998 |
f |
f |
|a PS3569.P56 Z46 2012
|t 0
|l Available Online
|